[Event "Kuwait Rapid op"]
[Site "Kuwait"]
[Date "2023.12.02"]
[Round "2"]
[White "Nithyanand, Arnav"]
[Black "Sallam, Sabri Abdul Mawla"]
[Result "0-1"]
[WhiteElo "1409"]
[BlackElo "2164"]
[PlyCount "78"]
[EventDate "2023.12.02"]
[EventType "swiss (rapid)"]
[EventRounds "9"]
[EventCountry "KUW"]
[SourceTitle "CB50_2023"]
[SourceDate "2023.12.13"]
[SourceVersion "1"]
[SourceVersionDate "2023.12.13"]
[SourceQuality "1"]

1. e4 c5 2. Nf3 a6 3. d4 cxd4 4. Nxd4 e5 5. Nf3 Nf6 6. Nc3 Bb4 7. Bd3 d5 8. Qe2 d4 9. a3 Ba5 10. b4 dxc3 11. bxa5 Qxa5 12. Be3 Bg4 13. h3 Bh5 14. Bg5 Nc6 15. Qe3 Nd7 16. Rb1 f6 17. Bh4 b5 18. 0-0 0-0 19. Rb3 Bf7 20. Rbb1 Qxa3 21. Ra1 Qc5 22. Qe2 Nb6 23. Bg3 Rfd8 24. Kh1 Nb4 25. Ne1 Bc4 26. Rd1 Bxd3 27. Nxd3 Nxd3 28. Rxd3 Rxd3 29. Qxd3 Qc4 30. Qd1 Qxe4 31. f3 Qd5 32. Qb1 Nc4 33. Qb4 Ne3 34. Rg1 Rc8 35. Qb1 Qd2 36. Qa2+ Qd5 37. Qxa6 Ra8 38. Qb6 Nxc2 39. Rb1 b4 0-1

[Event "Kuwait Rapid op"]
[Site "Kuwait"]
[Date "2023.12.02"]
[Round "3"]
[White "Sallam, Sabri Abdul Mawla"]
[Black "Al Maqbali, Faham Said"]
[Result "1-0"]
[WhiteElo "2164"]
[BlackElo "1788"]
[PlyCount "71"]
[EventDate "2023.12.02"]
[EventType "swiss (rapid)"]
[EventRounds "9"]
[EventCountry "KUW"]
[SourceTitle "CB50_2023"]
[SourceDate "2023.12.13"]
[SourceVersion "1"]
[SourceVersionDate "2023.12.13"]
[SourceQuality "1"]

1. d4 e6 2. c4 d5 3. Nf3 Nf6 4. Nc3 a6 5. e3 Bd6 6. Bd3 0-0 7. 0-0 dxc4 8. Bxc4 b5 9. Bd3 Bb7 10. Qe2 Nbd7 11. Rd1 Rc8 12. e4 e5 13. Bg5 Qe7 14. a4 b4 15. Nb1 a5 16. Nbd2 c5 17. d5 Nb6 18. b3 h6 19. Bh4 g5 20. Bg3 Nh5 21. Nf1 Nf4 22. Bxf4 gxf4 23. g3 fxg3 24. Nxg3 Kh8 25. Qe3 Qf6 26. Nf5 Rg8+ 27. Kh1 Rg5 28. Nxg5 hxg5 29. Rg1 Nxd5 30. Qxg5 Qxg5 31. Rxg5 Nf4 32. Nxd6 Rc7 33. Nxb7 Rxb7 34. Bc4 f6 35. Rg4 Rh7 36. Rg8# 1-0

[Event "Wch Blitz"]
[Site "Warsaw"]
[Date "2021.12.29"]
[Round "4"]
[White "Lima, Darcy Gustavo Macha"]
[Black "Sallam, Sabri Abdul Mawla"]
[Result "1-0"]
[WhiteElo "2507"]
[BlackElo "2194"]
[PlyCount "77"]
[EventDate "2021.12.29"]
[EventType "swiss (blitz)"]
[EventRounds "21"]
[EventCountry "POL"]
[SourceTitle "CBM 205 Extra"]
[Source "ChessBase"]
[SourceDate "2022.01.31"]
[SourceVersion "1"]
[SourceVersionDate "2022.01.31"]
[SourceQuality "1"]

1. d4 Nf6 2. c4 c6 3. Nf3 d5 4. Nbd2 g6 5. g3 Bg7 6. Bg2 0-0 7. 0-0 h6 8. b3 Ne4 9. Bb2 Nd7 10. e3 Kh7 11. Qe2 Ndf6 12. Rac1 Bg4 13. h3 Nxd2 14. Qxd2 Ne4 15. Qe2 Be6 16. Ne5 f6 17. Nd3 f5 18. h4 Rc8 19. Rc2 Qd7 20. Rfc1 Bf7 21. Qe1 g5 22. hxg5 hxg5 23. Ne5 Bxe5 24. dxe5 e6 25. f3 Nc5 26. Rd1 Qe7 27. Ba3 b6 28. Kf2 Kg6 29. Qd2 Qb7 30. Rh1 Rh8 31. Rcc1 Nd7 32. Bd6 c5 33. f4 g4 34. cxd5 exd5 35. Rcd1 Rxh1 36. Rxh1 Qa6 37. Bf1 Qa5 38. Qxa5 bxa5 39. Ba6 1-0

[Event "Wch Blitz"]
[Site "Warsaw"]
[Date "2021.12.29"]
[Round "2"]
[White "Postny, Evgeny"]
[Black "Sallam, Sabri Abdul Mawla"]
[Result "1-0"]
[WhiteElo "2557"]
[BlackElo "2194"]
[PlyCount "47"]
[EventDate "2021.12.29"]
[EventType "swiss (blitz)"]
[EventRounds "21"]
[EventCountry "POL"]
[SourceTitle "CBM 205 Extra"]
[Source "ChessBase"]
[SourceDate "2022.01.31"]
[SourceVersion "1"]
[SourceVersionDate "2022.01.31"]
[SourceQuality "1"]

1. d4 Nf6 2. c4 c6 3. Nf3 d5 4. Nc3 a6 5. c5 g6 6. Bf4 Bg7 7. h3 0-0 8. e3 Nbd7 9. Be2 Re8 10. 0-0 b5 11. cxb6 Qxb6 12. Qc2 Ne4 13. Nxe4 dxe4 14. Qxe4 Qxb2 15. Qxc6 Qb7 16. Rac1 Qxc6 17. Rxc6 e5 18. dxe5 Nxe5 19. Nxe5 Bxe5 20. Bxe5 Rxe5 21. Bc4 a5 22. Rd1 Kg7 23. Rd4 Rg5 24. g4 1-0

[Event "Wch Blitz"]
[Site "Warsaw"]
[Date "2021.12.29"]
[Round "12"]
[White "Sallam, Sabri Abdul Mawla"]
[Black "Aditya, Mittal"]
[Result "0-1"]
[WhiteElo "2194"]
[BlackElo "2459"]
[PlyCount "66"]
[EventDate "2021.12.29"]
[EventType "swiss (blitz)"]
[EventRounds "21"]
[EventCountry "POL"]
[SourceTitle "CBM 205 Extra"]
[Source "ChessBase"]
[SourceDate "2022.01.31"]
[SourceVersion "1"]
[SourceVersionDate "2022.01.31"]
[SourceQuality "1"]

1. d4 Nf6 2. c4 e6 3. Nc3 Bb4 4. Nf3 b6 5. e3 0-0 6. Bd3 Bb7 7. 0-0 c5 8. dxc5 Bxc5 9. a3 a5 10. b3 Nc6 11. Bb2 Be7 12. Qe2 d6 13. Rfd1 h6 14. Nb5 Nd7 15. Rac1 Qb8 16. Bb1 Rd8 17. Qc2 Nf8 18. Nfd4 Nxd4 19. Bxd4 Bc6 20. Qb2 e5 21. Bc3 Qb7 22. f3 Ne6 23. b4 axb4 24. Bxb4 Nc5 25. Bxc5 bxc5 26. Qc2 g6 27. a4 d5 28. cxd5 Bxd5 29. e4 Be6 30. Rxd8+ Rxd8 31. Ba2 c4 32. Bxc4 Rc8 33. Qb3 Qc6 0-1

[Event "Olympiad-39"]
[Site "Khanty-Mansiysk"]
[Date "2010.10.03"]
[Round "11.3"]
[White "Sallam, Sabri Abdul Mawla"]
[Black "Goutali, Tarek"]
[Result "0-1"]
[WhiteElo "2189"]
[BlackElo "2261"]
[PlyCount "70"]
[EventDate "2010.09.21"]
[EventType "team-swiss"]
[EventRounds "11"]
[EventCountry "RUS"]
[SourceTitle "CBM 139"]
[Source "ChessBase"]
[SourceDate "2010.11.18"]
[SourceVersion "1"]
[SourceVersionDate "2010.11.18"]
[SourceQuality "1"]
[WhiteTeam "Yemen"]
[BlackTeam "Algeria"]
[WhiteTeamCountry "YEM"]
[BlackTeamCountry "ALG"]

1. d4 d6 2. c4 e5 3. dxe5 dxe5 4. Qxd8+ Kxd8 5. g3 Na6 6. Nc3 c6 7. b3 Kc7 8. Bb2 f6 9. e3 Nh6 10. f3 Nf5 11. Ke2 Bc5 12. Nd1 h5 13. a3 Be6 14. Bh3 g5 15. Bxf5 Bxf5 16. b4 Be7 17. e4 Be6 18. Ne3 Nb8 19. h4 gxh4 20. Rxh4 Nd7 21. Kf2 a5 22. bxa5 Nc5 23. Rd1 Rad8 24. Bc3 Rxd1 25. Nxd1 Nd3+ 26. Ke3 Rd8 27. Ne2 Bxc4 28. f4 Bc5+ 29. Kf3 Ne1+ 30. Bxe1 Rd3+ 31. Kg2 Rxd1 32. Bc3 Bxe2 33. fxe5 Rg1+ 34. Kh2 Bf3 35. g4 Bf2 0-1

[Event "Olympiad-39"]
[Site "Khanty-Mansiysk"]
[Date "2010.10.01"]
[Round "10.2"]
[White "Lorenzana, Wilson Estuardo"]
[Black "Sallam, Sabri Abdul Mawla"]
[Result "0-1"]
[WhiteElo "2206"]
[BlackElo "2189"]
[PlyCount "108"]
[EventDate "2010.09.21"]
[EventType "team-swiss"]
[EventRounds "11"]
[EventCountry "RUS"]
[SourceTitle "CBM 139"]
[Source "ChessBase"]
[SourceDate "2010.11.18"]
[SourceVersion "1"]
[SourceVersionDate "2010.11.18"]
[SourceQuality "1"]
[WhiteTeam "Guatemala"]
[BlackTeam "Yemen"]
[WhiteTeamCountry "GUA"]
[BlackTeamCountry "YEM"]

1. e4 c5 2. Nf3 a6 3. c4 g6 4. d4 cxd4 5. Nxd4 Bg7 6. Nc3 Nc6 7. Be3 d6 8. Be2 Nf6 9. Nc2 0-0 10. 0-0 h6 11. h3 Kh7 12. Qd2 Bd7 13. Rac1 Rc8 14. Rfd1 Be6 15. f4 Nd7 16. b4 Nb6 17. Nd5 Na4 18. Nd4 Bd7 19. c5 e6 20. Nb6 dxc5 21. bxc5 Nxb6 22. cxb6 Nxd4 23. Bxd4 Rxc1 24. Rxc1 Bb5 25. e5 Bxe2 26. Rc7 Qd5 27. Bc3 Bc4 28. Rd7 Qxd2 29. Bxd2 Bd5 30. Bb4 Rc8 31. Rc7 Rd8 32. Rxf7 Kg8 33. Rc7 Bf8 34. Be1 Bc6 35. Bf2 Rd7 36. Rc8 Kf7 37. Be3 a5 38. g4 a4 39. f5 gxf5 40. gxf5 Bb4 41. Rh8 Bd2 42. Bc5 exf5 43. Kf2 Bg5 44. Bd6 Kg7 45. Rc8 Be7 46. Bc7 f4 47. e6 Rd2+ 48. Ke1 Bb4 49. Be5+ Kg6 50. Kf1 Bb5+ 51. Kg1 f3 52. Bg3 Rg2+ 53. Kh1 Rxg3 54. Rg8+ Kh7 0-1

[Event "Asia Clubs 1st"]
[Site "Al Ain"]
[Date "2008.12.30"]
[Round "6"]
[White "Amin, Bassem"]
[Black "Sallam, Sabri Abdul Mawla"]
[Result "1-0"]
[WhiteElo "2560"]
[BlackElo "2163"]
[PlyCount "53"]
[EventDate "2008.12.25"]
[EventType "team"]
[EventRounds "7"]
[EventCountry "UAE"]
[SourceTitle "CBM 127 Extra"]
[Source "ChessBase"]
[SourceDate "2009.01.08"]
[SourceVersion "2"]
[SourceVersionDate "2009.01.28"]
[SourceQuality "1"]

1. e4 c5 2. Nf3 a6 3. d3 g6 4. g3 Bg7 5. Bg2 d6 6. 0-0 e5 7. c3 Ne7 8. Be3 h6 9. d4 Qc7 10. a4 g5 11. dxc5 dxc5 12. a5 Be6 13. Nfd2 Nd7 14. Na3 Qxa5 15. Ndc4 Qc7 16. Nb5 Qb8 17. Nbd6+ Kf8 18. f4 b5 19. Nxe5 Nxe5 20. fxe5 Bxe5 21. Bxc5 Qc7 22. b4 Rd8 23. Rxa6 Kg7 24. Bd4 f6 25. Nxb5 Qc4 26. Qf3 Rhf8 27. Ra7 1-0

[Event "Amman tt"]
[Site "Amman"]
[Date "2008.06.26"]
[Round "6"]
[White "Sallam, Sabri Abdul Mawla"]
[Black "Bitar, Yasser"]
[Result "1-0"]
[WhiteElo "2168"]
[BlackElo "2183"]
[PlyCount "76"]
[EventDate "2008.06.21"]
[EventType "team"]
[EventRounds "8"]
[EventCountry "JOR"]
[SourceTitle "CBM 125 Extra"]
[Source "ChessBase"]
[SourceDate "2008.09.01"]
[SourceVersion "1"]
[SourceVersionDate "2008.09.01"]
[SourceQuality "1"]

1. d4 d5 2. Nf3 c6 3. c4 Nf6 4. Nc3 g6 5. Bf4 Bg7 6. e3 0-0 7. h3 Qa5 8. c5 Nbd7 9. a3 Ne4 10. b4 Nxc3 11. Qc2 Qa4 12. Qxc3 a5 13. b5 cxb5 14. Qb2 Nxc5 15. Bxb5 Bf5 16. 0-0 Qb3 17. Qxb3 Nxb3 18. Ra2 Rfc8 19. Nh4 Be4 20. f3 Rc2 21. Rf2 Rxf2 22. Kxf2 Nc1 23. Rd2 Bb1 24. Rd1 Rc8 25. e4 Bf6 26. Rxc1 Bxh4+ 27. g3 Rxc1 28. Bxc1 Bf6 29. e5 Bg7 30. a4 e6 31. Bd2 b6 32. Bg5 f6 33. exf6 Bh8 34. Ke3 Kf7 35. Kf4 Bxf6 36. Bd7 Be7 37. Bh6 Bb4 38. g4 Be4 1-0

[Event "Amman tt"]
[Site "Amman"]
[Date "2008.06.24"]
[Round "5"]
[White "Sallam, Sabri Abdul Mawla"]
[Black "Mahdia, Farage"]
[Result "1-0"]
[WhiteElo "2168"]
[BlackElo "2154"]
[PlyCount "61"]
[EventDate "2008.06.21"]
[EventType "team"]
[EventRounds "8"]
[EventCountry "JOR"]
[SourceTitle "CBM 125 Extra"]
[Source "ChessBase"]
[SourceDate "2008.09.01"]
[SourceVersion "1"]
[SourceVersionDate "2008.09.01"]
[SourceQuality "1"]

1. d4 Nf6 2. c4 e6 3. Nf3 c5 4. d5 exd5 5. cxd5 d6 6. Nc3 g6 7. e4 Bg7 8. Bd3 0-0 9. Nd2 a6 10. a4 Nbd7 11. Nc4 Nb6 12. Ne3 Nh5 13. Nf5 Bxf5 14. exf5 Re8+ 15. Kf1 Qh4 16. Be3 Rxe3 17. fxe3 Ng3+ 18. hxg3 Qxh1+ 19. Kf2 Qxd1 20. Nxd1 Rd8 21. fxg6 hxg6 22. e4 Bd4+ 23. Kf3 Nd7 24. Nc3 Ne5+ 25. Ke2 f5 26. Re1 Bf2 27. Rf1 Bxg3 28. exf5 Nc4 29. Ne4 Nxb2 30. Kd2 Rf8 31. Nxg3 1-0

[Event "Olympiad-37"]
[Site "Turin"]
[Date "2006.06.04"]
[Round "13"]
[White "Nanjo, Ryosuke"]
[Black "Sallam, Sabri Abdul Mawla"]
[Result "1-0"]
[WhiteElo "2182"]
[BlackElo "2155"]
[PlyCount "44"]
[EventDate "2006.05.21"]
[EventType "team-swiss"]
[EventRounds "13"]
[EventCountry "ITA"]
[SourceTitle "CBM 113"]
[Source "ChessBase"]
[SourceDate "2006.07.31"]
[SourceVersion "1"]
[SourceVersionDate "2006.07.31"]
[SourceQuality "1"]
[WhiteTeam "Japan"]
[BlackTeam "Yemen"]
[WhiteTeamCountry "JPN"]
[BlackTeamCountry "YEM"]

1. d4 d5 2. c4 c6 3. Nf3 Nf6 4. g3 g6 5. Bg2 Bg7 6. 0-0 0-0 7. b3 Bf5 8. Bb2 Qc8 9. Nc3 Bh3 10. Rc1 Bxg2 11. Kxg2 Qf5 12. Ba3 Re8 13. cxd5 Nxd5 14. Nxd5 Qxd5 15. Qd3 Qa5 16. Bb2 Nd7 17. Rfd1 e5 18. e4 exd4 19. Bxd4 Bxd4 20. Qxd4 Rad8 21. Qc4 Ne5 22. Nxe5 Qxe5 1-0

[Event "Olympiad-37"]
[Site "Turin"]
[Date "2006.06.03"]
[Round "12"]
[White "Obada, Ahmad Azeezjawad"]
[Black "Sallam, Sabri Abdul Mawla"]
[Result "1-0"]
[WhiteElo "2346"]
[BlackElo "2155"]
[PlyCount "95"]
[EventDate "2006.05.21"]
[EventType "team-swiss"]
[EventRounds "13"]
[EventCountry "ITA"]
[SourceTitle "CBM 113"]
[Source "ChessBase"]
[SourceDate "2006.07.31"]
[SourceVersion "1"]
[SourceVersionDate "2006.07.31"]
[SourceQuality "1"]
[WhiteTeam "Iraq"]
[BlackTeam "Yemen"]
[WhiteTeamCountry "IRQ"]
[BlackTeamCountry "YEM"]

1. e4 c5 2. Nf3 a6 3. c4 Nc6 4. d4 cxd4 5. Nxd4 e5 6. Nb3 d6 7. Nc3 Nf6 8. Be2 Be7 9. 0-0 Be6 10. Be3 0-0 11. f3 Rc8 12. Qd2 Kh8 13. Nd5 Bxd5 14. cxd5 Nb8 15. Qb4 Nh5 16. g4 Nf4 17. Bxf4 exf4 18. Qxb7 Rc2 19. Nd4 Rc7 20. Qb6 Bf6 21. Nc6 Nxc6 22. dxc6 Qb8 23. Qxa6 Bd4+ 24. Kh1 Qxb2 25. Rab1 Qc3 26. Rfc1 Qe3 27. Qd3 h5 28. Qxe3 Bxe3 29. Rc2 hxg4 30. fxg4 Rfc8 31. Bb5 Re8 32. Rc4 f3 33. a4 g5 34. Ba6 f2 35. Kg2 Kg7 36. Bb7 Ba7 37. Rd1 Re6 38. Rd5 f6 39. a5 Kf7 40. a6 Ke7 41. Rf5 Re5 42. Rxe5+ fxe5 43. Rc2 d5 44. exd5 Kd6 45. Rxf2 Kxd5 46. Rf5 Kd4 47. Rxg5 e4 48. Kf1 1-0

[Event "Olympiad-37"]
[Site "Turin"]
[Date "2006.05.31"]
[Round "10"]
[White "Munoz Santana, Jose Lisandro"]
[Black "Sallam, Sabri Abdul Mawla"]
[Result "1-0"]
[WhiteElo "2342"]
[BlackElo "2155"]
[PlyCount "65"]
[EventDate "2006.05.21"]
[EventType "team-swiss"]
[EventRounds "13"]
[EventCountry "ITA"]
[SourceTitle "CBM 113"]
[Source "ChessBase"]
[SourceDate "2006.07.31"]
[SourceVersion "1"]
[SourceVersionDate "2006.07.31"]
[SourceQuality "1"]
[WhiteTeam "Dominican Rep"]
[BlackTeam "Yemen"]
[WhiteTeamCountry "DOM"]
[BlackTeamCountry "YEM"]

1. e4 c5 2. Nf3 g6 3. c3 Bg7 4. d4 cxd4 5. cxd4 d5 6. e5 Nc6 7. h3 e6 8. Nc3 Nge7 9. Bg5 h6 10. Bf4 g5 11. Be3 Nf5 12. Qd2 f6 13. exf6 Qxf6 14. 0-0-0 Bd7 15. Kb1 0-0 16. Be2 Nb4 17. Ka1 Rfc8 18. Ne5 Nxe3 19. fxe3 Qf5 20. Nd3 a5 21. g4 Qg6 22. h4 e5 23. h5 exd4 24. exd4 Qh7 25. Nxb4 axb4 26. Bd3 Qh8 27. Nxd5 Be6 28. Ne7+ Kf7 29. d5 Bc3 30. Qe2 Kxe7 31. Qxe6+ Kd8 32. Qd6+ Ke8 33. Bg6# 1-0

[Event "Olympiad-37"]
[Site "Turin"]
[Date "2006.05.25"]
[Round "5"]
[White "Sallam, Sabri Abdul Mawla"]
[Black "Leyva, Hector"]
[Result "0-1"]
[WhiteElo "2155"]
[BlackElo "2410"]
[PlyCount "80"]
[EventDate "2006.05.21"]
[EventType "team-swiss"]
[EventRounds "13"]
[EventCountry "ITA"]
[SourceTitle "CBM 113"]
[Source "ChessBase"]
[SourceDate "2006.07.31"]
[SourceVersion "1"]
[SourceVersionDate "2006.07.31"]
[SourceQuality "1"]
[WhiteTeam "Yemen"]
[BlackTeam "El Salvador"]
[WhiteTeamCountry "YEM"]
[BlackTeamCountry "ESA"]

1. d4 Nf6 2. c4 e6 3. Nf3 c5 4. e3 b6 5. Bd3 Bb7 6. 0-0 Be7 7. Nc3 a6 8. b3 d6 9. Bb2 Nbd7 10. Qe2 0-0 11. Rad1 Re8 12. Bb1 Bf8 13. Ng5 g6 14. dxc5 Nxc5 15. b4 Ncd7 16. Nce4 h6 17. Qf3 hxg5 18. Nxf6+ Qxf6 19. Qxf6 Nxf6 20. Bxf6 d5 21. cxd5 Bxd5 22. Rd4 b5 23. Rfd1 Bg7 24. Bxg7 Kxg7 25. Be4 Bxe4 26. Rxe4 Red8 27. Ra1 Rac8 28. h4 gxh4 29. Rxh4 Rc2 30. a4 Rdd2 31. axb5 axb5 32. Rf4 g5 33. Rg4 Rxf2 34. Rxg5+ Kf6 35. Rg4 Kf5 36. Rg7 Ke4 37. Ra5 Rf5 38. g4 Rff2 39. Rxb5 Rg2+ 40. Kh1 Rgd2 0-1

[Event "Arab-chT Clubs"]
[Site "Amman"]
[Date "2006.05.??"]
[Round "6"]
[White "Abdulwahhab, Ahmed Abdulsattar"]
[Black "Sallam, Sabri Abdul Mawla"]
[Result "0-1"]
[WhiteElo "2268"]
[BlackElo "2155"]
[PlyCount "82"]
[EventDate "2006.05.??"]
[EventType "team"]
[EventRounds "8"]
[EventCountry "JOR"]
[SourceTitle "CBM 112 Extra"]
[Source "ChessBase"]
[SourceDate "2006.07.14"]
[SourceVersion "1"]
[SourceVersionDate "2006.07.14"]
[SourceQuality "1"]

1. e4 c5 2. Nf3 a6 3. c3 g6 4. d4 cxd4 5. cxd4 d5 6. exd5 Nf6 7. Qa4+ Nbd7 8. Nc3 Bg7 9. Qb3 0-0 10. a4 Nb6 11. a5 Nbxd5 12. Bc4 e6 13. 0-0 b5 14. Bxd5 Nxd5 15. Bg5 f6 16. Nxd5 Qxd5 17. Qxd5 exd5 18. Be3 Bg4 19. Nd2 Rfc8 20. Bf4 Kf7 21. Rfc1 Rxc1+ 22. Rxc1 Rc8 23. Rxc8 Bxc8 24. Nb3 Bf8 25. Kf1 Bf5 26. h3 Bd3+ 27. Ke1 Bb4+ 28. Kd1 Ke6 29. Bc7 h5 30. Bb6 h4 31. Bc5 Bc4 32. Bxb4 Bxb3+ 33. Kd2 Bc4 34. Bc5 Kf5 35. Be7 Ke6 36. Bf8 Bf1 37. g3 Kf5 38. f3 g5 39. Kc3 Bg2 40. g4+ Kf4 41. Kb4 Bxf3 0-1

[Event "Arab-ch"]
[Site "Dubai"]
[Date "2004.08.03"]
[Round "1"]
[White "Sallam, Sabri Abdul Mawla"]
[Black "Al Sayed, Mohammed"]
[Result "0-1"]
[WhiteElo "2196"]
[BlackElo "2443"]
[PlyCount "74"]
[EventDate "2004.08.03"]
[EventType "swiss"]
[EventRounds "9"]
[EventCountry "UAE"]
[SourceTitle "CBM 101 Extra"]
[Source "ChessBase"]
[SourceDate "2004.09.01"]
[SourceVersion "2"]
[SourceVersionDate "2004.09.01"]
[SourceQuality "1"]

1. d4 d5 2. c4 e6 3. Nf3 Nf6 4. Nc3 c6 5. e3 Nbd7 6. Bd3 dxc4 7. Bxc4 b5 8. Be2 Bb7 9. 0-0 a6 10. e4 c5 11. e5 Nd5 12. a4 b4 13. Ne4 h6 14. a5 Qc7 15. Qd3 Rc8 16. Bd2 Be7 17. Rfc1 0-0 18. Ne1 f5 19. exf6 N5xf6 20. Nxf6+ Nxf6 21. Bxb4 Nd5 22. Bd2 Nf4 23. Bxf4 Qxf4 24. Qe3 Qxe3 25. fxe3 Bg5 26. Ra3 cxd4 27. Rxc8 Rxc8 28. exd4 Bf6 29. Rd3 Rc1 30. Kf2 Rb1 31. Bf3 Rxb2+ 32. Kg3 Bc8 33. Rc3 Bd7 34. Rc7 Bb5 35. Bg4 e5 36. Be6+ Kf8 37. d5 e4 0-1

[Event "Asia Cities-ch 14th"]
[Site "Tagaytay City"]
[Date "2004.03.27"]
[Round "9.2"]
[White "Antonio, Rogelio Jr"]
[Black "Sallam, Sabri Abdul Mawla"]
[Result "1-0"]
[WhiteElo "2523"]
[BlackElo "2196"]
[PlyCount "89"]
[EventDate "2004.03.21"]
[EventType "team"]
[EventRounds "9"]
[EventCountry "PHI"]
[SourceTitle "CBM 099 Extra"]
[Source "ChessBase"]
[SourceDate "2004.05.04"]
[SourceVersion "1"]
[SourceVersionDate "2004.05.04"]
[SourceQuality "1"]
[WhiteTeam "Tagaytay"]
[BlackTeam "Sanaa"]
[WhiteTeamCountry "PHI"]
[BlackTeamCountry "YEM"]

1. e4 c5 2. c3 d5 3. exd5 Qxd5 4. d4 Nc6 5. Nf3 Bg4 6. Be2 e6 7. h3 Bxf3 8. Bxf3 Qd7 9. Be3 cxd4 10. cxd4 Nf6 11. Nc3 Be7 12. 0-0 0-0 13. d5 exd5 14. Nxd5 Nxd5 15. Qxd5 Qxd5 16. Bxd5 Bf6 17. Rfd1 Rfd8 18. Rab1 h6 19. b3 Rac8 20. Be4 a6 21. Bb6 Rxd1+ 22. Rxd1 Bd8 23. Be3 Bf6 24. Rd7 b5 25. Rd6 Nb4 26. a3 Be5 27. Rd1 Na2 28. Bf5 Nc3 29. Bxc8 Nxd1 30. Bb6 Bd6 31. Bxa6 Bxa3 32. Bxb5 Bb4 33. Bc4 Nc3 34. Kf1 g5 35. f3 Kg7 36. Bd4+ f6 37. Kf2 h5 38. Ke3 h4 39. Kd3 Na2 40. Ke4 Kg6 41. Kd5 Be7 42. Kc6 Bd8 43. Bd3+ Kg7 44. Be4 Nb4+ 45. Kd7 1-0

[Event "Asia Cities-ch 13th"]
[Site "Aden"]
[Date "2002.02.10"]
[Round "5"]
[White "Sallam, Sabri Abdul Mawla"]
[Black "Al Badani, Abdu"]
[Result "1-0"]
[WhiteElo "2165"]
[BlackElo "2069"]
[PlyCount "43"]
[EventDate "2002.02.07"]
[EventType "team-swiss"]
[EventRounds "9"]
[EventCountry "YEM"]
[SourceTitle "EXT 2020"]
[Source "ChessBase"]
[SourceDate "2019.10.17"]
[SourceVersion "1"]
[SourceVersionDate "2019.10.17"]
[SourceQuality "1"]
[WhiteTeam "Aden"]
[BlackTeam "Sanaa"]
[WhiteTeamCountry "YEM"]
[BlackTeamCountry "YEM"]

1. c4 e5 2. Nc3 Nf6 3. g3 Be7 4. Bg2 0-0 5. Nf3 Nc6 6. 0-0 d5 7. cxd5 Nxd5 8. Nxe5 Nxc3 9. Nxc6 Nxd1 10. Nxd8 Rxd8 11. Rxd1 c6 12. d3 Bf6 13. Rb1 Be6 14. b3 a5 15. Bb2 Bxb2 16. Rxb2 a4 17. bxa4 Rxa4 18. Rxb7 Rxa2 19. Bf3 c5 20. Rc1 Rc8 21. Kg2 h5 22. d4 1-0